000 00841nam a22002297a 4500
005 20150325143547.0
010 _aENG-112064
020 _a9789351433538
_c1950.00
035 _aEN-95596
037 _bDBAD/PUB
082 _a344.0545
100 _aMehanathan, M.C.
245 _aLaw on control of narcotic drugs and psychotropic substances in India /
_cby M.C. Mehanathan ; foreworded by M.N. Venkatachaliah
246 _aNarcotic drugs and psychotropic substances in India
250 _a3rd ed
260 _aGurgaon
_bLexisNexis
_c2015
270 _a14th Floor, Bldg. No.10, Tower-B, DLF Cyber City, Phase-II
_bGurgaon
_e122002
300 _acxxxii,1115p.
_b25cm(Hb)
500 _aIncludes index
650 _aDrugs of abuse
_xLaw and legislation
_xCriminal provisions.
_zIndia
942 _2ddc
_cEN
_mMEH
_h344.0545
999 _c91142
_d91142